El alma de la patria : (Record no. 1835)
[ view plain ]
| 000 -CABECERA | |
|---|---|
| campo de control de longitud fija | 00867cam a2200253 a 4500 |
| 003 - IDENTIFICADOR DEL NÚMERO DE CONTROL | |
| campo de control | MX-MxUPN |
| 005 - FECHA Y HORA DE LA ÚLTIMA TRANSACCIÓN | |
| campo de control | 20250115084038.0 |
| 008 - ELEMENTOS DE LONGITUD FIJA--INFORMACIÓN GENERAL | |
| campo de control de longitud fija | 991125s1922 mx a br 000 0 spa d |
| 035 ## - NÚMERO DE CONTROL DEL SISTEMA | |
| Número de control de sistema | UPN01000001835 |
| 040 ## - FUENTE DE LA CATALOGACIÓN | |
| Centro catalogador/agencia de origen | MX-MxUPN |
| Lengua de catalogación | spa |
| Centro/agencia transcriptor | MX-MxUPN |
| 041 ## - CÓDIGO DE IDIOMA | |
| Código de lengua del texto/banda sonora o título independiente | spa |
| 050 14 - SIGNATURA TOPOGRÁFICA DE LA BIBLIOTECA DEL CONGRESO | |
| Número de clasificación | LB1573 M6.4 |
| Número de documento/Ítem | C62 1922 |
| 100 1# - ASIENTO PRINCIPAL--NOMBRE PERSONAL | |
| Nombre de persona | Contreras de Carballo, Manuela |
| 9 (RLIN) | 51872 |
| 245 23 - MENCIÓN DE TÍTULO | |
| Título | El alma de la patria : |
| Resto del título | libro tercero de lectura para uso de las alumnas del cuarto año elemental |
| 246 14 - FORMA VARIANTE DE TÍTULO | |
| Título propio/Titulo breve | El alma patria : |
| Resto del título | libro-tercero |
| 250 ## - MENCIÓN DE EDICIÓN | |
| Mención de edición | Cuarta edición |
| Resto de la mención de edición | (corregida y con nuevas ilustraciones) |
| 260 ## - PUBLICACIÓN, DISTRIBUCIÓN, ETC. | |
| Lugar de publicación, distribución, etc. | México : |
| Nombre del editor, distribuidor, etc. | Herrero Hermanos Sucesores, |
| Fecha de publicación, distribución, etc. | 1922. |
| 300 ## - DESCRIPCIÓN FÍSICA | |
| Extensión | 302 páginas : |
| Otras características físicas | ilustraciones |
| 504 ## - NOTA DE BIBLIOGRAFÍA, ETC. | |
| Nota de bibliografía, etc. | Incluye índice. |
| 650 #4 - ASIENTO SECUNDARIO DE MATERIA - TERMINO TEMATICO | |
| 9 (RLIN) | 2805 |
| Término de materia o nombre geográfico como elemento de entrada | Lectura |
| Subdivisión general | Estudio y enseñanza (Elemental) |
| 902 ## - ELEMENTOS DE DATOS B LOCAL, LDB (RLIN) | |
| Modificó | MaríaRobles/080524 |
| 905 ## - TIPO DE MATERIAL | |
| Tipo de material | Libro |
| 942 ## - ELEMENTOS DE PUNTO DE ACCESO ADICIONAL (KOHA) | |
| Fuente del sistema de clasificación o colocación | Library of Congress Classification |
| Tipo de ítem Koha | Libro |
| Suprimir en OPAC | No |
| Estado de retiro | Estado de pérdida | Fuente del sistema de clasificación o colocación | Estado dañado | No para préstamo | Código de colección | Localización permanente | Ubicación/localización actual | Ubicación en estantería | Fecha de adquisición | Clasificación | Código de barras | Fecha visto por última vez | Precio válido a partir de | Tipo de ítem Koha | Nota pública |
|---|---|---|---|---|---|---|---|---|---|---|---|---|---|---|---|
| Library of Congress Classification | Disponible (Préstamo en sala) | Libros de texto | Bib. Gregorio Torres Quintero | Bib. Gregorio Torres Quintero | Colecciones especiales Planta alta | 18/11/2022 | LB1573 M6.4 C62 1922 | 122128 | 31/12/2020 | 18/11/2022 | Libro | Ejemplar con sello de Sistema de Bibliotecas para la Formación y Actualización de Docentes. |
